| 000 | 00000nam 2200000zi 4500 |
| 001 | 9.885857 |
| 003 | CaOODSP |
| 005 | 20250707145647 |
| 006 | m o d f |
| 007 | cr |n||||||||| |
| 008 | 200416e20200615onc ob f000 0 fre d |
| 020 | |a9780660345451 |
| 040 | |aCaOODSP|bfre|erda|cCaOODSP |
| 043 | |an-cn--- |
| 086 | 1 |aBT22-224/1-2020F-PDF |
| 245 | 00|aGuide sur les paiements anticipés. |
| 264 | 1|aOttawa, Ontario : |bSecrétariat du Conseil du Trésor du Canada, |c2020-06-15. |
| 264 | 4|c©2020 |
| 300 | |a1 ressource en ligne (16 pages non numérotées) |
| 336 | |atexte|btxt|2rdacontent/fre |
| 337 | |ainformatique|bc|2rdamedia/fre |
| 338 | |aressource en ligne|bcr|2rdacarrier/fre |
| 500 | |aPublié aussi en anglais sous le titre : Guide to advance payments. |
| 500 | |aPublié aussi en format HTML. |
| 500 | |a« Publié : le 2020-06-15 »--Couverture. |
| 504 | |aComprend des références bibliographiques. |
| 520 | |a« Le présent guide vise à aider les ministères à répondre aux exigences relatives au versement de paiements anticipés, tel qu’il est établi dans la Directive sur les paiements »--Application, objet et portée. |
| 650 | 6|aDépenses publiques|xPolitique gouvernementale|zCanada. |
| 650 | 6|aFinances publiques|zCanada. |
| 710 | 1 |aCanada. |bConseil du trésor, |eorganisme de publication. |
| 775 | 08|tGuide to advance payments.|w(CaOODSP)9.885855 |
| 794 | |tGuide sur les paiements anticipés.|b[2025]|w(CaOODSP)9.948230 |
| 856 | 40|qPDF|s542 Ko|uhttps://publications.gc.ca/collections/collection_2020/sct-tbs/BT22-224-1-2020-fra.pdf |
| 856 | 4 |qHTML|sS.O.|uhttps://www.tbs-sct.gc.ca/pol/doc-fra.aspx?id=32646§ion=html |